| 000 | 00819nam a22002297a 4500 | ||
|---|---|---|---|
| 999 |
_c2798 _d2798 |
||
| 003 | AR-CdUCM | ||
| 008 | 190305b ||||| |||| 00| 0 spa d | ||
| 040 |
_aMUNICIPALIDAD PROVINCIAL DEL CUSCO _cBIBLIOTECA MUNICIPAL DEL CUSCO |
||
| 041 | _heng | ||
| 082 |
_22ed. _a828.77/ _bP361 |
||
| 100 |
_aPearson, Hesketh _97918 |
||
| 245 |
_aWalter Scott : _bSu vida y su personalidad / |
||
| 260 |
_aMéxico : _bBiografías Gandesa, _c1956. |
||
| 300 |
_a293 paginas ; _bIlustraciones, _c21 cm. |
||
| 505 | _aNubes de gloria -- En la cárcel del hogar -- Amor, leyes y lírica -- Marcial y marital -- Tipos raro ... | ||
| 650 |
_aWalter Scott _99740 |
||
| 650 |
_aHistoria personal _99741 |
||
| 650 |
_aLiteratura contemporanea _9759 |
||
| 700 |
_aBartra, Agustí (Traductor) _99742 |
||
| 942 |
_2ddc _cLIBROS |
||
| 945 | _awnts | ||